[Event "Spanish Championship"]
[Site "Las Palmas Gran Canaria"]
[Date "2017.10.02"]
[Round "4"]
[White "Moreno Ruiz, Javier"]
[Black "Barrenechea Bahamonde, Gustavo"]
[Result "1-0"]
[WhiteTitle "IM"]
[WhiteElo "2464"]
[BlackElo "2110"]
[Board "15"]
[WhiteCountry "ESP"]
[WhiteFideId "2203146"]
[WhiteEloChange "1"]
[BlackCountry "ESP"]
[BlackFideId "2254425"]
[BlackEloChange "-2"]

1. d4 d5 2. c4 dxc4 3. e3 Be6 4. Na3 Nf6 5. Nxc4 g6 6. Nf3 Bg7 7. Be2 O-O
8. O-O c5 9. dxc5 Qc7 10. Bd2 Ne4 11. Be1 Qxc5 12. Rc1 Rc8 13. Nd4 Bd7 14.
Nb3 Qg5 15. f4 Qh6 16. Bf3 Rxc4 17. Rxc4 Nd6 18. Rc7 Bb5 19. Rxe7 Nc6 20.
Bxc6 Bxf1 21. Qxd6 bxc6 22. Qxc6 Rd8 23. Re8+ Rxe8 24. Qxe8+ Bf8 25. Kxf1
Qxh2 26. Bb4 1-0

[Event "Spanish Championship"]
[Site "Las Palmas Gran Canaria"]
[Date "2017.10.02"]
[Round "4"]
[White "Espinosa Aranda, Angel"]
[Black "Rodrigo Yanguas, Maria"]
[Result "1/2-1/2"]
[WhiteTitle "IM"]
[BlackTitle "WFM"]
[WhiteElo "2453"]
[BlackElo "2070"]
[Board "16"]
[WhiteCountry "ESP"]
[WhiteFideId "2278189"]
[WhiteEloChange "-4"]
[BlackCountry "ESP"]
[BlackFideId "2281201"]
[BlackEloChange "8"]

1. d4 Nf6 2. Nf3 g6 3. g3 Bg7 4. Bg2 O-O 5. O-O d6 6. b3 c5 7. Bb2 Na6 8.
c4 Rb8 9. Nc3 Bd7 10. e4 b5 11. e5 Ne8 12. Nxb5 Bxb5 13. cxb5 Rxb5 14. Qe2
Nec7 15. Rfd1 Qb8 16. exd6 exd6 17. dxc5 Bxb2 18. Qxb2 Rxc5 19. Rxd6 Nb4
20. a3 Nc2 21. Rad1 Nb5 22. R6d5 Rxd5 23. Rxd5 Ncxa3 24. Ne5 Qc7 25. Nd7
Qc3 26. Qxc3 Nxc3 27. Ra5 Rd8 28. Rxa7 Nab5 29. Ra8 Rxa8 30. Bxa8 Nd4 31.
Nc5 Kf8 32. b4 Ke7 33. f3 f5 34. Kf2 Nc2 35. Nd3 Kd6 36. f4 Kc7 37. h4 Kd6
38. Kf3 Kc7 39. Kg2 Kd6 40. Bf3 Nd4 41. Bb7 Nc2 42. Kh3 Kc7 43. Ba6 Ne4 44.
Bc4 Ne3 45. Bg8 Nf6 46. Bf7 Kb6 47. Kh2 Nfg4+ 48. Kg1 Nf6 49. Kf2 Neg4+ 50.
Kf3 Nh6 51. Be6 Kb5 52. Ke3 Ne4 53. Bd7+ Kb6 54. Kf3 Nf6 55. Ba4 Nd5 56.
Bb3 Nf6 57. Be6 Kb5 58. Ke3 Ne4 59. Bd7+ Kb6 60. Kd4 Nxg3 61. Ne5 Ne2+ 62.
Ke3 Nc3 63. Nc4+ Kc7 64. Be6 Ng4+ 65. Kd3 Ne4 66. Kd4 Nh2 67. b5 Nf3+ 68.
Ke3 Nxh4 69. b6+ Kb8 70. Bd5 Ng2+ 71. Kf3 Nh4+ 72. Ke3 Ng2+ 73. Kf3 Nh4+
74. Ke3 Ng2+ 75. Kf3 Nh4+ 1/2-1/2

[Event "Spanish Championship"]
[Site "Las Palmas Gran Canaria"]
[Date "2017.10.02"]
[Round "4"]
[White "Garza Marco, Sergio"]
[Black "Sarmiento Afonso, Santiago"]
[Result "1-0"]
[WhiteTitle "IM"]
[BlackTitle "FM"]
[WhiteElo "2409"]
[BlackElo "2050"]
[Board "17"]
[WhiteCountry "ESP"]
[WhiteFideId "2210177"]
[WhiteEloChange "1"]
[BlackCountry "ESP"]
[BlackFideId "2224160"]
[BlackEloChange "-2"]

1. d4 Nf6 2. c4 e6 3. Nc3 d5 4. cxd5 exd5 5. Bg5 Be7 6. e3 O-O 7. Bd3 b6 8.
Nf3 Bb7 9. Bxf6 Bxf6 10. b4 c5 11. bxc5 bxc5 12. Bxh7+ Kxh7 13. Qb1+ g6 14.
Qxb7 Nd7 15. Nxd5 Qa5+ 16. Kf1 Rad8 17. h4 Kg7 18. h5 cxd4 19. exd4 Nc5 20.
Qc6 Rxd5 21. Qxd5 Rd8 22. Qc4 Ne4 23. hxg6 fxg6 24. Rb1 Nd6 25. Qb3 Qa6+
26. Kg1 Rd7 27. Qe6 Re7 28. Qh3 Qxa2 29. Qh8+ Kf7 30. Rh7+ Ke6 31. Rxe7+
Bxe7 32. Qg8+ Nf7 33. Re1+ Kf6 34. Ne5 Bb4 35. Qxg6+ 1-0

[Event "Spanish Championship"]
[Site "Las Palmas Gran Canaria"]
[Date "2017.10.02"]
[Round "4"]
[White "Iturbide Arnedo, Oscar"]
[Black "Suarez Uriel, Adrian"]
[Result "1-0"]
[BlackTitle "FM"]
[WhiteElo "2111"]
[BlackElo "2406"]
[Board "18"]
[WhiteCountry "ESP"]
[WhiteFideId "2293994"]
[WhiteEloChange "17"]
[BlackCountry "ESP"]
[BlackFideId "22230874"]
[BlackEloChange "-8"]

1. e4 d6 2. Nc3 g6 3. d4 Bg7 4. f4 a6 5. Nf3 b5 6. Bd3 Nd7 7. e5 Nh6 8. Qe2
Nb6 9. O-O O-O 10. h3 f6 11. g4 Kh8 12. e6 Qe8 13. f5 gxf5 14. Nh4 fxg4 15.
Bxh6 Bxh6 16. Qe4 f5 17. Nxf5 Rf6 18. Nxe7 Be3+ 19. Kg2 Bb7 20. d5 Rh6 21.
Rf7 Qxf7 22. exf7 Bg5 23. Nf5 Rf6 24. Qe8+ 1-0

[Event "Spanish Championship"]
[Site "Las Palmas Gran Canaria"]
[Date "2017.10.02"]
[Round "4"]
[White "Prado Acebo, Ines"]
[Black "Montero Melendez, Rafael"]
[Result "0-1"]
[WhiteTitle "WFM"]
[BlackTitle "FM"]
[WhiteElo "2104"]
[BlackElo "2376"]
[Board "19"]
[WhiteCountry "ESP"]
[WhiteFideId "22251235"]
[WhiteEloChange "-3"]
[BlackCountry "ESP"]
[BlackFideId "2221772"]
[BlackEloChange "3"]

1. d4 Nf6 2. c4 c5 3. d5 e6 4. Nc3 exd5 5. cxd5 d6 6. Nf3 g6 7. Bf4 a6 8.
a4 Bg7 9. h3 O-O 10. e3 Re8 11. Bd3 Nh5 12. Bh2 f5 13. O-O Nd7 14. Nd2 Ne5
15. Be2 Nf6 16. Qc2 b6 17. Rfd1 Ra7 18. Ra3 Ne4 19. Ncb1 Rf7 20. f3 Nxd2
21. Nxd2 Bh6 22. Kh1 Bb7 23. f4 Nd7 24. Nc4 Nf6 25. Bf3 b5 26. axb5 axb5
27. Na5 b4 28. Nxb7 Rxb7 29. Ra6 Rxe3 30. Qa4 Rb6 31. Qa5 Rb8 32. Qxd8+
Rxd8 33. Bg1 Rb3 34. Bxc5 Bxf4 35. Bd4 Kf7 36. Ra7+ Rd7 37. Ra8 Be3 38.
Bxe3 Rxe3 39. Rb8 Ne4 40. Rd4 Ng5 41. Rdxb4 Nxf3 42. gxf3 Rxf3 43. Kg2 Rd3
44. R4b5 Kf6 45. Re8 Re7 46. Rd8 Ke5 47. b4 Kf4 0-1

[Event "Spanish Championship"]
[Site "Las Palmas Gran Canaria"]
[Date "2017.10.02"]
[Round "4"]
[White "Collado Barbas, Laura"]
[Black "Gutierrez Olivares, Daniel"]
[Result "0-1"]
[WhiteTitle "WFM"]
[BlackTitle "FM"]
[WhiteElo "2097"]
[BlackElo "2349"]
[Board "20"]
[WhiteCountry "ESP"]
[WhiteFideId "2294907"]
[WhiteEloChange "-4"]
[BlackCountry "ESP"]
[BlackFideId "2264005"]
[BlackEloChange "4"]

1. d4 Nf6 2. c4 e6 3. Nc3 Bb4 4. Qc2 c5 5. dxc5 O-O 6. a3 Bxc5 7. Nf3 Nc6
8. b4 Bd6 9. Bg5 h6 10. Bh4 a5 11. b5 Ne5 12. Nd2 b6 13. Na4 Bb7 14. f3 Rc8
15. Bf2 Bc7 16. Qb2 d6 17. e4 Nh5 18. Qd4 Nd7 19. g3 d5 20. Rd1 e5 21. Qd3
d4 22. Be2 Nhf6 23. g4 Bd6 24. h4 Nh7 25. Nb1 Re8 26. Kd2 Nhf8 27. Rdg1 Ne6
28. g5 h5 29. Bg3 Ndf8 30. Bh2 Ng6 31. Qb3 Bc5 32. Bd3 Nxh4 33. Ke2 Nxg5
34. Nd2 Nh3 35. Rf1 Qg5 36. Kd1 Ng2 37. Kc1 Ne3 38. Re1 Qg2 39. Nxc5 bxc5
40. Be2 Re6 41. f4 exf4 42. Bf3 Qg5 43. Re2 Rd8 44. Qd3 Qh4 45. Bxf4 Nxf4
46. Rxh4 Nxd3+ 47. Kb1 g6 48. Reh2 Ne5 0-1

[Event "Spanish Championship"]
[Site "Las Palmas Gran Canaria"]
[Date "2017.10.02"]
[Round "4"]
[White "Rodriguez Melian, Jose Luis"]
[Black "Sanchez Aller, Fernando"]
[Result "0-1"]
[BlackTitle "FM"]
[WhiteElo "2033"]
[BlackElo "2341"]
[Board "21"]
[WhiteCountry "ESP"]
[WhiteFideId "2219050"]
[WhiteEloChange "-3"]
[BlackCountry "ESP"]
[BlackFideId "2222892"]
[BlackEloChange "3"]

1. d4 Nf6 2. c4 g6 3. Nc3 Bg7 4. e4 d6 5. h3 O-O 6. Be3 e5 7. d5 Nh5 8. Be2
Nf4 9. Bf3 f5 10. g3 Nh5 11. Bxh5 gxh5 12. Qxh5 f4 13. Bd2 Na6 14. gxf4
exf4 15. O-O-O Nb4 16. Qf3 Qf6 17. a3 Na6 18. Nge2 Nc5 19. Rdg1 Nb3+ 20.
Kc2 Nxd2 21. Kxd2 Kh8 22. Rg2 Qh6 23. h4 Be5 24. h5 Rg8 25. Rxg8+ Kxg8 26.
Kd3 Bd7 27. Nd4 Kh8 28. Rg1 Qf6 29. Nde2 a6 30. Qh1 b5 31. cxb5 f3 32. Nc1
Bxc3 33. bxc3 axb5 34. Nb3 Rxa3 35. Ra1 Rxb3 36. Ra8+ Kg7 37. h6+ Kf7 0-1

[Event "Spanish Championship"]
[Site "Las Palmas Gran Canaria"]
[Date "2017.10.02"]
[Round "4"]
[White "Herrera Reyes, Jose Antonio"]
[Black "Perez Perez, Gabriel"]
[Result "0-1"]
[WhiteTitle "FM"]
[WhiteElo "2323"]
[BlackElo "2037"]
[Board "22"]
[WhiteCountry "ESP"]
[WhiteFideId "2274914"]
[WhiteEloChange "-17"]
[BlackCountry "ESP"]
[BlackFideId "32089147"]
[BlackEloChange "17"]

1. Nf3 Nf6 2. d3 d5 3. g3 g6 4. Bg2 Bg7 5. c3 c5 6. O-O O-O 7. a3 b6 8. b4
Nbd7 9. Nbd2 Bb7 10. Bb2 Qc7 11. Qc2 Rfd8 12. Rfe1 Rac8 13. e4 dxe4 14.
dxe4 Ng4 15. b5 c4 16. Bf1 Nde5 17. h3 Nxf3+ 18. Nxf3 Ne5 19. Nxe5 Qxe5 20.
a4 f5 21. Bg2 f4 22. gxf4 Qxf4 23. Re3 Be5 24. Rd1 Qg5 25. Ree1 Qf6 26. Qe2
Rxd1 27. Rxd1 Bxc3 28. Bc1 Be5 29. Qg4 Rf8 30. f4 Bxf4 31. e5 Bxe5 32. Rf1
Bd4+ 33. Kh2 Qd6+ 34. Bf4 Rxf4 35. Rxf4 Be5 36. Bxb7 Bxf4+ 37. Kh1 Kg7 38.
Qe2 c3 39. Be4 Qe6 40. Qf3 Qe5 41. Kg2 Bg5 42. Bd5 e6 43. Bb3 Be7 44. Qb7
Qe2+ 45. Kg3 Qe5+ 46. Kg2 Qg5+ 47. Kf3 Kf6 48. Qc8 Qf5+ 49. Kg2 Qe4+ 50.
Kf1 Qb1+ 51. Ke2 Qxb3 52. Qh8+ 0-1

[Event "Spanish Championship"]
[Site "Las Palmas Gran Canaria"]
[Date "2017.10.02"]
[Round "4"]
[White "Pena Torres, Jose Carlos"]
[Black "Alvarez Fernandez, Enrique"]
[Result "0-1"]
[BlackTitle "FM"]
[WhiteElo "2014"]
[BlackElo "2314"]
[Board "23"]
[WhiteCountry "ESP"]
[WhiteFideId "2206617"]
[WhiteEloChange "-3"]
[BlackCountry "ESP"]
[BlackFideId "2227398"]
[BlackEloChange "3"]

1. Nf3 d5 2. g3 Bf5 3. Bg2 e6 4. O-O Nf6 5. d4 c6 6. Nbd2 h6 7. c4 Nbd7 8.
b3 Be7 9. Bb2 O-O 10. a3 a5 11. Re1 Ne4 12. Nxe4 Bxe4 13. Ne5 Bxg2 14. Nxd7
Qxd7 15. Kxg2 a4 16. e4 dxe4 17. Rxe4 Bf6 18. bxa4 c5 19. Rf4 Bxd4 20. Bxd4
Rfd8 21. Rb1 cxd4 22. Qf3 Ra7 23. Qe4 d3 24. Rd1 Rxa4 25. Rd2 Qc6 26. Kf3
Rxa3 27. Qxc6 bxc6 28. Ke3 c5 29. Re4 Rc3 30. h4 g6 31. g4 Kg7 32. g5 h5
33. f3 Kf8 34. Kf2 Ke7 35. Ke3 Rd7 36. Kf2 Kd8 37. Ke3 Rd6 38. Rf4 Ke7 39.
Re4 f6 40. gxf6+ Kxf6 41. Rf4+ Kg7 42. Re4 Rc1 43. Rxd3 Re1+ 44. Kf2 Rxe4
45. Rxd6 Rxh4 46. Rxe6 Rxc4 47. Rc6 Kh6 48. Kg3 Kg5 49. Rc8 h4+ 50. Kh3 Kf4
51. Rf8+ Ke3 52. Rg8 Kxf3 53. Rxg6 Rf4 54. Rg3+ Ke2 55. Rg5 c4 56. Rc5 Kd3
0-1

[Event "Spanish Championship"]
[Site "Las Palmas Gran Canaria"]
[Date "2017.10.02"]
[Round "4"]
[White "Massanet Massanet, Sebastian"]
[Black "Gonzalez Garcia, Zoilo"]
[Result "0-1"]
[WhiteElo "2290"]
[BlackElo "2003"]
[Board "24"]
[WhiteCountry "ESP"]
[WhiteFideId "2278600"]
[WhiteEloChange "-17"]
[BlackCountry "ESP"]
[BlackFideId "32027109"]
[BlackEloChange "17"]

1. e4 c6 2. d4 d5 3. Nc3 dxe4 4. Nxe4 Nf6 5. Nxf6+ exf6 6. c3 Bd6 7. Bd3
O-O 8. Ne2 Qc7 9. Be3 Be6 10. Qd2 c5 11. d5 Bxd5 12. Bxh7+ Kxh7 13. Qxd5
Nc6 14. O-O-O Rad8 15. Ng3 g6 16. Qf3 Ne5 17. Qe2 c4 18. Ne4 Be7 19. Bd4 f5
20. Nd2 Nd3+ 21. Kb1 b5 22. Nf3 Rfe8 23. Qd2 f4 24. h4 f6 25. Qc2 Qd7 26.
h5 g5 27. Rxd3 cxd3 28. Qxd3+ f5 29. Ne5 Qe6 30. Qxb5 Bf6 31. Re1 Rd5 32.
Qb7+ Re7 33. Nf3 Qxe1+ 34. Nxe1 Rxb7 0-1

[Event "Spanish Championship"]
[Site "Las Palmas Gran Canaria"]
[Date "2017.10.03"]
[Round "5"]
[White "Salgado Lopez, Ivan"]
[Black "Anton Guijarro, David"]
[Result "1/2-1/2"]
[WhiteTitle "GM"]
[BlackTitle "GM"]
[WhiteElo "2627"]
[BlackElo "2656"]
[Board "1"]
[WhiteCountry "ESP"]
[WhiteFideId "2257327"]
[BlackCountry "ESP"]
[BlackFideId "2285525"]

1. e4 c6 2. d4 d5 3. e5 Bf5 4. Nf3 e6 5. Be2 c5 6. Be3 Qb6 7. Nc3 Nc6 8.
O-O Qxb2 9. Qe1 cxd4 10. Bxd4 Nxd4 11. Nxd4 Bb4 12. Ndb5 Ba5 13. Rb1 Qxc2
14. Rb3 Ne7 15. Nd6+ Kf8 16. Nxb7 Bb6 17. Nd6 Ba5 18. Ra3 Bb4 19. Rb3 Ba5
20. Ra3 Bb4 21. Rb3 Ba5 22. Ra3 1/2-1/2

[Event "Spanish Championship"]
[Site "Las Palmas Gran Canaria"]
[Date "2017.10.03"]
[Round "5"]
[White "Santos Ruiz, Miguel"]
[Black "Perez Candelario, Manuel"]
[Result "1/2-1/2"]
[WhiteTitle "IM"]
[BlackTitle "GM"]
[WhiteElo "2505"]
[BlackElo "2591"]
[Board "2"]
[WhiteCountry "ESP"]
[WhiteFideId "22291482"]
[WhiteEloChange "1"]
[BlackCountry "ESP"]
[BlackFideId "2210622"]
[BlackEloChange "-1"]

1. d4 Nf6 2. Nf3 g6 3. g3 c5 4. Bg2 cxd4 5. Nxd4 Bg7 6. O-O O-O 7. c4 Nc6
8. Nc3 Qa5 9. Nb3 Qh5 10. e4 Qxd1 11. Rxd1 d6 12. c5 dxc5 13. Nxc5 Rb8 14.
Bf4 e5 15. Bg5 h6 16. Bxf6 Bxf6 17. Nd7 Bxd7 18. Rxd7 Rfd8 19. Nd5 Kg7 20.
Rxd8 Rxd8 21. Rc1 Rd6 22. Bh3 Bd8 23. Bc8 Nd4 24. Kg2 Rc6 25. Rxc6 bxc6 26.
Ne3 h5 27. Ba6 f5 28. Bd3 f4 29. Nc2 f3+ 30. Kf1 g5 31. Nxd4 exd4 32. e5 c5
33. h3 Bc7 34. g4 hxg4 35. hxg4 Bxe5 36. b3 Kf6 37. Be4 Bf4 38. Bxf3 d3 39.
Be4 d2 40. Ke2 Ke5 41. Bd3 Kd4 42. Bc4 a5 43. a4 Kc3 44. Kd1 Be5 1/2-1/2

[Event "Spanish Championship"]
[Site "Las Palmas Gran Canaria"]
[Date "2017.10.03"]
[Round "5"]
[White "Suarez Garcia, Carlos"]
[Black "Ibarra Jerez, Jose Carlos"]
[Result "0-1"]
[WhiteTitle "IM"]
[BlackTitle "GM"]
[WhiteElo "2463"]
[BlackElo "2561"]
[Board "3"]
[WhiteCountry "ESP"]
[WhiteFideId "22230858"]
[WhiteEloChange "-4"]
[BlackCountry "ESP"]
[BlackFideId "2226332"]
[BlackEloChange "4"]

1. d4 Nf6 2. c4 e6 3. Nf3 d5 4. Nc3 c6 5. cxd5 exd5 6. Bg5 Be7 7. Qc2 Nbd7
8. e3 Nh5 9. Bxe7 Qxe7 10. O-O-O Nb6 11. h3 g6 12. Bd3 Ng7 13. g4 Be6 14.
Kb1 O-O-O 15. Rc1 Kb8 16. Na4 Nxa4 17. Qxa4 Ne8 18. Rc3 Nd6 19. Ra3 Nc8 20.
Rc1 f6 21. Nd2 h5 22. Nb3 hxg4 23. hxg4 Bxg4 24. Na5 Bf5 25. Bxf5 gxf5 26.
Rb3 Nb6 27. Qxc6 Rc8 28. Qb5 Rh1 0-1

[Event "Spanish Championship"]
[Site "Las Palmas Gran Canaria"]
[Date "2017.10.03"]
[Round "5"]
[White "Narciso Dublan, Marc"]
[Black "Forcen Esteban, Daniel"]
[Result "1/2-1/2"]
[WhiteTitle "GM"]
[BlackTitle "GM"]
[WhiteElo "2459"]
[BlackElo "2528"]
[Board "4"]
[WhiteCountry "ESP"]
[WhiteFideId "2201500"]
[WhiteEloChange "1"]
[BlackCountry "ESP"]
[BlackFideId "2288230"]
[BlackEloChange "-1"]

1. d4 Nf6 2. c4 g6 3. f3 Bg7 4. e4 d6 5. Be3 O-O 6. Qd2 a6 7. Nc3 Nbd7 8.
Nge2 b5 9. cxb5 axb5 10. Nxb5 c6 11. Na3 e5 12. Nc3 d5 13. exd5 Nxd5 14.
Nxd5 cxd5 15. Be2 exd4 16. Bxd4 Re8 17. Kf1 Bxd4 18. Qxd4 Qe7 19. Re1 Ra6
20. Qd2 Re6 21. Nc2 Ne5 22. Kf2 Nc6 23. Bd3 Qa7+ 24. Kg3 Qb8+ 25. f4 Qxb2
26. Rxe6 Rxe6 27. a4 Qb3 28. Ra1 d4 29. Kf2 Bb7 30. a5 Ba8 31. a6 Qd5 32.
Kf1 Rf6 33. Re1 Kg7 34. Kg1 Re6 35. Rxe6 Qxe6 36. f5 Qe5 37. Qf2 f6 38.
fxg6 hxg6 39. h3 f5 40. Qe1 Kf6 41. Qh4+ Kg7 42. Qe1 Kf6 43. Qh4+ Kg7 44.
Qe1 Qd5 45. Bf1 Qc5 46. Qf2 Qc3 47. Qe2 Qc5 48. Qf2 Kf6 49. Ne1 Ne5 50. Nd3
Nxd3 51. Bxd3 Kg7 52. Qg3 Qc1+ 53. Kh2 Qc5 54. h4 Kf7 55. Qb8 Qc6 56. Qg3
Qc5 57. Qf4 Qc6 58. Qg3 1/2-1/2

[Event "Spanish Championship"]
[Site "Las Palmas Gran Canaria"]
[Date "2017.10.03"]
[Round "5"]
[White "Alshameary Puente, Ismael"]
[Black "Santos Latasa, Jaime"]
[Result "1/2-1/2"]
[WhiteTitle "FM"]
[BlackTitle "IM"]
[WhiteElo "2333"]
[BlackElo "2523"]
[Board "5"]
[WhiteCountry "ESP"]
[WhiteFideId "2225166"]
[WhiteEloChange "5"]
[BlackCountry "ESP"]
[BlackFideId "2293307"]
[BlackEloChange "-2"]

1. d4 d5 2. c4 e6 3. Nc3 c6 4. Nf3 Nf6 5. Bg5 h6 6. Bh4 dxc4 7. e4 g5 8.
Bg3 b5 9. Be2 Bb7 10. O-O Nbd7 11. Ne5 h5 12. Nxd7 Qxd7 13. Be5 Rh6 14. Qc1
Rg6 15. Rd1 Ng4 16. Bg3 Nf6 17. Be5 Ng4 18. Bg3 Nf6 19. Be5 Ng4 20. Bg3 Nf6
21. Be5 Ng4 22. Bg3 Nf6 23. Be5 Ng4 24. Bg3 Nf6 25. Be5 Ng4 26. Bg3 Nf6 27.
Be5 Ng4 28. Bg3 Nf6 29. Be5 Ng4 30. Bg3 Nf6 1/2-1/2

[Event "Spanish Championship"]
[Site "Las Palmas Gran Canaria"]
[Date "2017.10.03"]
[Round "5"]
[White "Asis Gargatagli, Hipolito"]
[Black "Suarez Gomez, Julio"]
[Result "1/2-1/2"]
[WhiteTitle "IM"]
[BlackTitle "FM"]
[WhiteElo "2519"]
[BlackElo "2485"]
[Board "6"]
[WhiteCountry "ESP"]
[WhiteFideId "2260735"]
[BlackCountry "ESP"]
[BlackFideId "22275991"]

1. e4 e6 2. d4 d5 3. Nd2 Nf6 4. e5 Nfd7 5. Ngf3 c5 6. c3 Nc6 7. Bd3 h6 8.
b3 a5 9. a4 cxd4 10. cxd4 b6 11. O-O Ba6 12. Bxa6 Rxa6 13. Re1 Bb4 14. Re3
Ra7 15. Nf1 Rc7 16. Ng3 g6 17. h4 h5 18. Ng5 Nf8 19. Rf3 Nh7 20. Nxh7 Rxh7
21. Bg5 Ne7 22. Re3 Rc6 23. Re2 Kd7 24. Rc1 Rxc1 25. Qxc1 Rh8 26. Rc2 Qb8
27. Qf1 Rc8 28. Qb5+ Nc6 29. Ne4 Qb7 30. Nc5+ Bxc5 31. dxc5 Kc7 32. Be3
bxc5 33. Qxc5 Kb8 34. Qd6+ Ka8 35. g3 Qc7 36. Qc5 Kb8 37. Qb5+ Qb7 38. Qc5
Qc7 39. Qb5+ Qb7 40. Qc5 1/2-1/2

[Event "Spanish Championship"]
[Site "Las Palmas Gran Canaria"]
[Date "2017.10.03"]
[Round "5"]
[White "Korneev, Oleg"]
[Black "Alvarez Fernandez, Enrique"]
[Result "1-0"]
[WhiteTitle "GM"]
[BlackTitle "FM"]
[WhiteElo "2550"]
[BlackElo "2314"]
[Board "7"]
[WhiteCountry "ESP"]
[WhiteFideId "4156803"]
[WhiteEloChange "2"]
[BlackCountry "ESP"]
[BlackFideId "2227398"]
[BlackEloChange "-4"]

1. e4 e5 2. Bc4 Nf6 3. d3 c6 4. Nf3 d5 5. Bb3 Bd6 6. Nc3 d4 7. Ne2 a5 8. a3
a4 9. Ba2 Be6 10. Bxe6 fxe6 11. O-O c5 12. Ng5 h6 13. Nh3 g5 14. f3 Nc6 15.
Kh1 b5 16. g3 Kd7 17. Bd2 Qe7 18. Nf2 Rhg8 19. c3 Rgf8 20. cxd4 Nxd4 21.
Nxd4 cxd4 22. Kg2 Rg8 23. Rc1 Rgc8 24. Rh1 Rxc1 25. Bxc1 Qg7 26. b3 Ke7 27.
bxa4 bxa4 28. h4 Kf7 29. hxg5 hxg5 30. Qc2 Qg8 31. Qc6 Be7 32. Nh3 Nh7 33.
Nf2 Nf6 34. Bxg5 Rc8 35. Qb7 Rb8 36. Qc7 Rc8 37. Qb7 Rb8 38. Qa7 Ra8 39.
Rh7+ Nxh7 40. Qxe7+ Kg6 41. Ng4 Ra5 42. Nh6 Qf8 43. Qxe6+ Kg7 44. Nf5+ Kh8
45. Bh6 1-0

[Event "Spanish Championship"]
[Site "Las Palmas Gran Canaria"]
[Date "2017.10.03"]
[Round "5"]
[White "Del Rio De Angelis, Salvador G."]
[Black "Garcia Romero, Benjamin Abel"]
[Result "1-0"]
[WhiteTitle "GM"]
[WhiteElo "2524"]
[BlackElo "2239"]
[Board "8"]
[WhiteCountry "ESP"]
[WhiteFideId "2203138"]
[WhiteEloChange "2"]
[BlackCountry "ESP"]
[BlackFideId "2221926"]
[BlackEloChange "-3"]

1. d4 d5 2. c4 c6 3. Nf3 Nf6 4. Nc3 dxc4 5. a4 Bf5 6. e3 e6 7. a5 Bb4 8.
Qa4 Qe7 9. Bxc4 O-O 10. O-O Nbd7 11. Be2 Ne4 12. Qb3 b5 13. Nd2 Nef6 14. e4
Bg6 15. e5 Nd5 16. Nxd5 cxd5 17. Bxb5 Rab8 18. Qa4 Rb7 19. Nf3 Nb8 20. Bg5
f6 21. Bh4 Be4 22. a6 Rb6 23. Ne1 Rc8 24. f3 Bg6 25. Nd3 Bd2 26. exf6 gxf6
27. Bf2 Nc6 28. Ra3 Nb4 29. Nc5 Rcb8 30. Be2 Nc2 31. Qd7 Kf7 32. Ra2 Rxb2
33. Rxb2 Rxb2 34. Qc8 Ne3 35. Ra1 Nc4 36. Nb7 Nd6 37. Nd8+ Ke8 38. Qa8 Qxd8
39. Qxa7 Nc8 40. Qc5 Qd7 41. a7 Nxa7 42. Rxa7 Rb1+ 43. Be1 Qxa7 44. Qxa7
Bxe1 45. g4 Bg3+ 46. Kg2 Bf4 47. h4 Rb2 48. Qa6 e5 49. h5 Bb1 50. Kf1 exd4
51. Qa8+ Kf7 52. Qxd5+ Kg7 53. Qxd4 Be5 54. Qa7+ Kh6 55. Qe3+ Kg7 56. f4
Bd6 57. Qd4 1-0

[Event "Spanish Championship"]
[Site "Las Palmas Gran Canaria"]
[Date "2017.10.03"]
[Round "5"]
[White "Ramirez Medina, Victor"]
[Black "Arizmendi Martinez, Julen Luis"]
[Result "1/2-1/2"]
[BlackTitle "GM"]
[WhiteElo "2228"]
[BlackElo "2513"]
[Board "9"]
[WhiteCountry "ESP"]
[WhiteFideId "22286942"]
[WhiteEloChange "7"]
[BlackCountry "ESP"]
[BlackFideId "2205092"]
[BlackEloChange "-3"]

1. e4 e5 2. Nf3 Nc6 3. Bb5 a6 4. Ba4 Nf6 5. O-O Be7 6. Re1 b5 7. Bb3 d6 8.
c3 O-O 9. h3 Na5 10. Bc2 c5 11. d4 Nd7 12. Kh1 Bf6 13. d5 Nc4 14. a4 Ncb6
15. b3 bxa4 16. bxa4 Nc4 17. Bd3 Na5 18. Na3 Nb6 19. Nd2 Bd7 20. Nac4 Naxc4
21. Nxc4 Nxc4 22. Bxc4 Qa5 23. Bd2 g6 24. Qc2 Bg7 25. Bd3 f5 26. f3 Qd8 27.
Rab1 Rf7 28. Rb2 Qh4 29. Reb1 Raf8 30. Be1 Qh5 31. Rb8 c4 32. Bxc4 fxe4 33.
Rxf8+ Rxf8 34. fxe4 Bxh3 35. gxh3 Qxh3+ 36. Qh2 Rf1+ 37. Bxf1 Qxf1+ 38. Qg1
Qh3+ 39. Qh2 Qf1+ 1/2-1/2

[Event "Spanish Championship"]
[Site "Las Palmas Gran Canaria"]
[Date "2017.10.03"]
[Round "5"]
[White "Cuenca Jimenez, Jose Fernando"]
[Black "Serarols Mabras, Bernat"]
[Result "1/2-1/2"]
[WhiteTitle "GM"]
[BlackTitle "FM"]
[WhiteElo "2490"]
[BlackElo "2218"]
[Board "10"]
[WhiteCountry "ESP"]
[WhiteFideId "2255570"]
[WhiteEloChange "-3"]
[BlackCountry "ESP"]
[BlackFideId "2238276"]
[BlackEloChange "7"]

1. e4 c6 2. c4 d5 3. exd5 cxd5 4. cxd5 Nf6 5. Nc3 Nxd5 6. Nf3 Nc6 7. Bb5 e6
8. O-O Be7 9. d4 O-O 10. Re1 Bd7 11. Bd3 Rc8 12. a3 Re8 13. Qe2 Nxc3 14.
bxc3 Bf6 15. Bf4 Qa5 16. Ne5 Nxe5 17. dxe5 Be7 18. Bxh7+ Kxh7 19. Qd3+ Kg8
20. Qxd7 Qc7 21. Qxc7 Rxc7 22. Reb1 b6 23. Rb3 Rec8 24. Bd2 g5 25. a4 Rc5
26. Rb5 Kg7 27. g4 Kg6 28. Kg2 R8c6 29. Kf3 Bd8 30. Re1 Bc7 31. Re4 a6 32.
Rxc5 Rxc5 33. c4 Rxe5 34. Rxe5 Bxe5 35. Be3 Bc7 36. Ke4 f6 37. h3 Kf7 38.
c5 bxc5 39. Bxc5 Ke8 40. Bd4 Bd8 41. Be3 Kd7 42. f4 gxf4 43. Kxf4 Bc7+ 44.
Ke4 Ke7 45. h4 Kf7 46. h5 Bd6 47. Bd2 Be7 48. Bc1 Bd8 49. Be3 Be7 50. Bb6
Kg7 51. Be3 Kf7 52. Kd3 Kg7 53. Kc4 Kf7 54. Bd4 Kf8 55. Be3 Kf7 56. Kd3 Kg7
57. Ke4 Kf7 1/2-1/2